| 000 -LEADER |
| fixed length control field |
00816nam a2200193 4500 |
| 020 ## - INTERNATIONAL STANDARD BOOK NUMBER |
| ISBN |
9781839530302 |
| 082 ## - DEWEY DECIMAL CLASSIFICATION NUMBER |
| Classification number |
307.760285 |
| Item number |
C734 2021 |
| 245 ## - TITLE STATEMENT |
| Title |
Communication technologies for networked smart cities / Edited by Shree Krishna, Dushantha Nalin K. Jayakody, Symeon Chatzinotas and Alagan Anpalagan. |
| 250 ## - EDITION STATEMENT |
| Edition statement |
First edition. |
| 260 ## - PUBLICATION, DISTRIBUTION, ETC. (IMPRINT) |
| Place of publication |
London, United Kingdom : |
| Name of publisher |
The Institution of Engineering and Technology, |
| Year of publication |
2021. |
| 300 ## - PHYSICAL DESCRIPTION |
| Number of Pages |
1 electronic resource, xii, 329 pages : |
| Other physical details |
illustrations (some color). |
| 500 ## - GENERAL NOTE |
| General note |
Includes bibliographical references and index. |
| 650 ## - SUBJECT ADDED ENTRY--TOPICAL TERM |
| Topical Term |
Technology and Engineering. |
| 700 ## - ADDED ENTRY--PERSONAL NAME |
| Personal name |
Krishna, Shree, editor. |
| 700 ## - ADDED ENTRY--PERSONAL NAME |
| Personal name |
Jayakody, Dushantha Nalin K., editor. |
| 700 ## - ADDED ENTRY--PERSONAL NAME |
| Personal name |
Chatzinotas, Symeon, editor. |
| 700 ## - ADDED ENTRY--PERSONAL NAME |
| Personal name |
Anpalagan, Alagan, editor. |
| 942 ## - ADDED ENTRY ELEMENTS (KOHA) |
| Koha item type |
Electronic Books |